000
00408nam a22001697a 4500
003
MPLRDC
005
20220104144414.0
008
210129b ||||| |||| 00| 0 eng d
082
_a
961 SWM
100
_a
孙蔚民编
245
_a
中西图案画法. 一集
_c
250
_a
初版
260
_a
_b
上海大众书局
_c
1947
300
_b
平
650
_a
应用美术--图案
942
_c
BK
_o
961 SWM
999
_c
49286
_d
49276